Normal view MARC view

Entry Personal Name

Number of records used in: 1

001 - CONTROL NUMBER

  • control field: 5429

003 - CONTROL NUMBER IDENTIFIER

  • control field: OSt

005 - DATE AND TIME OF LATEST TRANSACTION

  • control field: 20190513111400.0

008 - FIXED-LENGTH DATA ELEMENTS

  • fixed length control field: 190513|| aca||aabn | a|a d

040 ## - CATALOGING SOURCE

  • Original cataloging agency: OSt
  • Transcribing agency: OSt

100 ## - HEADING--PERSONAL NAME

  • Personal name: Singh, Harmandeep

670 ## - SOURCE DATA FOUND

  • Source citation: Work cat.: (OSt): Singh, Harmandeep, Defence financial management :, 2019

Powered by Koha